WWII Trivia - Statistics

General Stats
  • This quiz has been taken 24 times
  • The average score is 13 of 15
Answer Stats
Question Answer % Correct
What attack caused the US to enter WWII? Attack on Pearl Harbor
100%
What was the name for the German tactic of "lightning war"? Blitzkrieg
100%
What was the name of the research and development project that produced the first nuclear weapons during the war? The Manhattan Project
100%
What year do most people state WWII started? 1939
96%
What was the name of the German Air Force? Luftwaffe
96%
What country's invasion by Germany officially started WWII? Poland
96%
Which allied power suffered the most casualties? USSR (Union of Soviet Socialist Republics)
96%
During the Battle of France, how did the Germans successfully bypass the French-built Maginot Line? By attacking through the Ardennes forest in Belgium.
87%
Who was the commanding general of the German Afrika Korps, nicknamed "The Desert Fox"? Erwin Rommel
87%
What was the codename of the Battle of Normandy? Operation Overlord
87%
What was the name of the B-29 bomber that dropped the first atomic bomb on Hiroshima? The Enola Gay
87%
Which battle in the Pacific gave the United States naval supremacy against Japan? The Battle of Midway
83%
What was the Nazi code name for the plan of invading the United Kingdom? Operation Sea Lion
78%
Which major battle involved the largest engagement of tanks in history? The Battle of Kursk
57%
Which German general attempted to assassinate Adolf Hitler in 1944? Claus von Stauffenberg
52%
No matching quizzes found
Score Distribution
Percent of People with Each Score
Percentile by Number Answered
Your Score History
You have not taken this quiz